00253nam a2200085Ia 4500008004100000100002800041245004400069260004500113260000900158170620s9999 xx 000 0 und d aSiddiqui- Mujibul Hasan 0aDistance Education- Theory and Research bNew Delhi- A.P.H. Publishing corporation c2006